000 00667nam a2200265Ia 4500
005 20260121170043.0
008 008 260114s9999 xx 000 0 eng d
020 _a9783319576541
037 _aEBOOK
040 _aCRL
040 _beng
040 _cCRL
041 _2eng
041 _aeng
084 _qCRL
100 _aPramod Baburao Rokade
_91059252
245 0 _aImpacts of Tannery Operations on Guppy, Poecilia reticulata
260 _bSpringer
260 _bSpringer
260 _c2017
856 _uhttps://link.springer.com/openurl?genre=book&isbn=978-3-319-57654-1
942 _cEBOOK
999 _c1624981
_d1624981